| 000 | 00628nam a22002417a 4500 | ||
|---|---|---|---|
| 003 | UA-OsUOA | ||
| 001 | 22606 | ||
| 007 | ta | ||
| 008 | 20031223b un ||||| |||| 00| 0 ukr d | ||
| 090 |
_a342.565.2 _bК65 |
||
| 942 | _cBK | ||
| 040 |
_aUA-OsUOA _bukr _cUA-OsUOA _dUA-OsUOA |
||
| 245 |
_aКонституційне судочинство: американський та український досвід _cА.Ткачук |
||
| 300 | _a111 с. | ||
| 955 | _a0 | ||
| 041 | _aukr | ||
| 080 | _a342.565.2 | ||
| 020 | _a966-95537-8-4 | ||
| 260 |
_aКиїв _c1999 |
||
| 044 | _aUA | ||
| 650 | 7 | _2UDC | |
| 999 |
_c308828 _d308828 |
||